[Event "EU-ch U18"]
[Site "Bratislava"]
[Date "2019.08.10"]
[Round "9"]
[White "Jakab, Bela"]
[Black "Durica, Adam"]
[Result "1-0"]
[WhiteElo "2310"]
[BlackElo "1958"]
[PlyCount "95"]
[EventDate "2019.08.02"]
[EventType "swiss"]
[EventRounds "9"]
[EventCountry "SVK"]
[SourceTitle "CBM 191 Extra"]
[Source "ChessBase"]
[SourceDate "2019.09.30"]
[SourceVersion "1"]
[SourceVersionDate "2019.09.30"]
[SourceQuality "1"]

1. e4 e5 2. Nf3 d6 3. Bc4 c6 4. 0-0 Bg4 5. c3 Nf6 6. Re1 b5 7. Bf1 Be7 8. d4 Nbd7 9. Nbd2 0-0 10. h3 Bxf3 11. Nxf3 a5 12. a4 b4 13. cxb4 axb4 14. dxe5 dxe5 15. Qc2 Qc7 16. Be3 c5 17. Nd2 Rfc8 18. Nc4 Nb6 19. Red1 Ne8 20. Nxb6 Qxb6 21. Rd5 Qc7 22. Bc4 Nd6 23. Rxc5 Qxc5 24. Bxc5 Rxc5 25. b3 Nxc4 26. bxc4 Rac8 27. a5 Rxc4 28. Qa4 Bc5 29. a6 Ba7 30. Rd1 h6 31. Kh2 Bd4 32. Rd2 Kh7 33. Ra2 Ba7 34. Rb2 R8c6 35. Rxb4 Rxb4 36. Qxc6 Bxf2 37. Qd7 Be3 38. a7 Bf4+ 39. g3 Rb2+ 40. Kh1 Rb1+ 41. Kg2 Rb2+ 42. Kf1 Rb1+ 43. Ke2 Rb2+ 44. Kd1 Rb1+ 45. Kc2 Ra1 46. gxf4 exf4 47. Qf5+ Kg8 48. Qc8+ 1-0

[Event "EU-ch U18"]
[Site "Bratislava"]
[Date "2019.08.06"]
[Round "5"]
[White "Ghersinich, Enrico"]
[Black "Durica, Adam"]
[Result "0-1"]
[WhiteElo "2193"]
[BlackElo "1958"]
[PlyCount "152"]
[EventDate "2019.08.02"]
[EventType "swiss"]
[EventRounds "9"]
[EventCountry "SVK"]
[SourceTitle "CBM 191 Extra"]
[Source "ChessBase"]
[SourceDate "2019.09.30"]
[SourceVersion "1"]
[SourceVersionDate "2019.09.30"]
[SourceQuality "1"]

1. e4 e5 2. Nf3 d6 3. d4 Nd7 4. Bc4 c6 5. a4 Be7 6. 0-0 Ngf6 7. Nc3 0-0 8. h3 Qc7 9. Re1 b6 10. Bf1 Bb7 11. g4 Rfd8 12. Bg2 Rac8 13. Qe2 Nf8 14. Nd1 Ne6 15. c3 Rf8 16. Ng5 exd4 17. Nxe6 fxe6 18. cxd4 e5 19. g5 Ne8 20. d5 cxd5 21. exd5 g6 22. Nc3 Ng7 23. f4 exf4 24. Bxf4 Rxf4 25. Qxe7 Qc5+ 26. Kh2 Rc7 27. Qe2 Rf2 28. Qe4 Rxb2 29. Ne2 Qc2 30. Qf4 Qc5 31. Rac1 Rf7 32. Rxc5 Rxf4 33. Rc7 Rf7 34. Rxf7 Kxf7 35. Nc3 Nf5 36. Kg1 Nh4 37. Be4 Ba6 38. Rc1 Bd3 39. Nd1 Rd2 40. Bh1 Be2 41. Rc7+ Kg8 42. Ne3 Bf3 43. Ng4 Rd1+ 44. Kf2 Bxh1 45. Nf6+ Kf8 46. Nxh7+ Kg8 47. Nf6+ Kf8 48. Nh7+ Ke8 49. Rxa7 Nf5 50. Nf6+ Kd8 51. Rb7 Rd2+ 52. Ke1 Rb2 53. a5 Kc8 54. a6 Bf3 55. Nd7 Re2+ 56. Kd1 Ra2+ 57. Ke1 Rxa6 58. Rxb6 Rxb6 59. Nxb6+ Kc7 60. Na4 Bxd5 61. Kf2 Kc6 62. Nb2 Be4 63. Nc4 Kc5 64. Na5 Bd5 65. h4 Kb5 66. h5 gxh5 67. Nb3 Bxb3 68. Kf3 Bc2 69. Kf4 Nh4 70. g6 Nxg6+ 71. Kg5 h4 72. Kg4 d5 73. Kf3 d4 74. Ke2 h3 75. Kf2 d3 76. Ke3 h2 0-1

[Event "EU-ch U18"]
[Site "Bratislava"]
[Date "2019.08.02"]
[Round "1"]
[White "Papp, Levente"]
[Black "Durica, Adam"]
[Result "1-0"]
[WhiteElo "2323"]
[BlackElo "1958"]
[PlyCount "57"]
[EventDate "2019.08.02"]
[EventType "swiss"]
[EventRounds "9"]
[EventCountry "SVK"]
[SourceTitle "CBM 191 Extra"]
[Source "ChessBase"]
[SourceDate "2019.09.30"]
[SourceVersion "1"]
[SourceVersionDate "2019.09.30"]
[SourceQuality "1"]

1. c4 e5 2. g3 Nf6 3. Bg2 g6 4. Nc3 Bg7 5. d3 d6 6. e4 Nc6 7. Nge2 0-0 8. 0-0 Be6 9. Nd5 Nd4 10. Nxd4 exd4 11. Nxf6+ Qxf6 12. f4 Bd7 13. f5 Qe5 14. Qf3 gxf5 15. exf5 Bc6 16. Qg4 Kh8 17. Bxc6 bxc6 18. Bg5 f6 19. Bd2 Rg8 20. Rae1 Qc5 21. Qh5 d5 22. b4 Qf8 23. c5 a5 24. Rf4 Re8 25. Ref1 axb4 26. Rh4 h6 27. Qg6 Re3 28. Bxe3 dxe3 29. d4 1-0

[Event "SVK-ch U18/20"]
[Site "Liptovsky Mikulas"]
[Date "2019.04.28"]
[Round "7"]
[White "Durica, Adam"]
[Black "Panko, Eduard1111"]
[Result "1/2-1/2"]
[WhiteElo "1960"]
[BlackElo "1991"]
[PlyCount "70"]
[EventDate "2019.04.23"]
[EventType "swiss"]
[EventRounds "9"]
[EventCountry "SVK"]
[SourceTitle "CBM 190 Extra"]
[Source "ChessBase"]
[SourceDate "2019.07.15"]
[SourceVersion "1"]
[SourceVersionDate "2019.07.15"]
[SourceQuality "1"]

1. c4 e6 2. g3 f5 3. Bg2 Nf6 4. Nf3 d5 5. 0-0 Bd6 6. d3 0-0 7. Nc3 c6 8. e4 Bb4 9. exd5 exd5 10. cxd5 Bxc3 11. bxc3 cxd5 12. Re1 Nc6 13. Ba3 Re8 14. Qb3 h6 15. Rxe8+ Qxe8 16. Re1 Qf7 17. Ne5 Nxe5 18. Rxe5 Be6 19. Bc5 Kh7 20. Bd4 b6 21. Re1 Rd8 22. Qd1 Bc8 23. Qf3 Re8 24. Rxe8 Qxe8 25. Bxf6 Qe1+ 26. Bf1 gxf6 27. Qxd5 Be6 28. Qd4 Kg7 29. a3 Qa1 30. Qd6 Kf7 31. c4 f4 32. gxf4 Bh3 33. Qd5+ Kf8 34. Qd8+ Kf7 35. Qd5+ Kf8 1/2-1/2

[Event "SVK-ch U18/20"]
[Site "Liptovsky Mikulas"]
[Date "2019.04.24"]
[Round "2"]
[White "Durica, Adam"]
[Black "Jablonicky, Martin"]
[Result "0-1"]
[WhiteElo "1960"]
[BlackElo "2322"]
[PlyCount "78"]
[EventDate "2019.04.23"]
[EventType "swiss"]
[EventRounds "9"]
[EventCountry "SVK"]
[SourceTitle "CBM 190 Extra"]
[Source "ChessBase"]
[SourceDate "2019.07.15"]
[SourceVersion "1"]
[SourceVersionDate "2019.07.15"]
[SourceQuality "1"]

1. d4 g6 2. Nf3 Bg7 3. g3 Nf6 4. Bg2 0-0 5. 0-0 c5 6. c4 d6 7. Nc3 Nc6 8. dxc5 dxc5 9. a3 Be6 10. Qa4 Qa5 11. Nd2 Qxa4 12. Nxa4 Nd7 13. Rb1 Rac8 14. e3 b6 15. f4 Nf6 16. b3 Ng4 17. Re1 Rfd8 18. h3 Nf6 19. g4 h5 20. g5 Ne8 21. Ne4 Bf5 22. Bb2 Nd6 23. Nxd6 Rxd6 24. e4 Bd7 25. Bxg7 Kxg7 26. Nc3 Rd3 27. Red1 Rxc3 28. Rxd7 Rd8 29. Rbd1 Rxd7 30. Rxd7 Rxb3 31. e5 Nd4 32. Kf2 Rb2+ 33. Kf1 e6 34. Rxa7 Ne2 35. Bc6 Nxf4 36. Be8 Rb1+ 37. Kf2 Nxh3+ 38. Kg3 Nxg5 39. Rb7 Rb3+ 0-1

[Event "SVK-chT1E 1819"]
[Site "Slovakia"]
[Date "2018.11.25"]
[Round "4.7"]
[White "Gyerpal, Adrian"]
[Black "Durica, Adam"]
[Result "1-0"]
[WhiteElo "2051"]
[BlackElo "2028"]
[PlyCount "67"]
[EventDate "2018.10.27"]
[EventType "team-tourn"]
[EventRounds "11"]
[EventCountry "SVK"]
[SourceTitle "CBM 188 Extra"]
[Source "ChessBase"]
[SourceDate "2019.02.26"]
[SourceVersion "1"]
[SourceVersionDate "2019.02.26"]
[SourceQuality "1"]
[WhiteTeam "Banska Bystrica Junior"]
[BlackTeam "Liptov Chess School II"]
[WhiteTeamCountry "SVK"]
[BlackTeamCountry "SVK"]

1. d4 Nf6 2. c4 g6 3. Nf3 Bg7 4. g3 0-0 5. Bg2 d6 6. 0-0 c6 7. Nc3 Qc7 8. h3 e5 9. e4 Nbd7 10. Be3 a6 11. Rc1 Ne8 12. Qd2 f5 13. Nh2 Ndf6 14. f4 exd4 15. Bxd4 fxe4 16. g4 Be6 17. Nxe4 Nxe4 18. Bxe4 Nf6 19. Bg2 Qd7 20. b3 d5 21. c5 h5 22. Qd3 Ne4 23. Bxg7 Qxg7 24. Bxe4 dxe4 25. Qxe4 Bd5 26. Qe5 Qf7 27. Qg5 Kh7 28. Nf3 Bxf3 29. Rxf3 Qg7 30. Rd1 Rae8 31. f5 Re5 32. fxg6+ Kg8 33. Rxf8+ Kxf8 34. Qd8+ 1-0

[Event "SVK-chT2C 1819"]
[Site "Slovakia"]
[Date "2018.11.17"]
[Round "3.4"]
[White "Motycakova, Monika"]
[Black "Durica, Adam"]
[Result "1-0"]
[WhiteElo "2148"]
[BlackElo "2011"]
[PlyCount "39"]
[EventDate "2018.10.13"]
[EventType "team-tourn"]
[EventRounds "11"]
[EventCountry "SVK"]
[SourceTitle "CBM 187 Extra"]
[Source "ChessBase"]
[SourceDate "2018.11.04"]
[SourceVersion "1"]
[SourceVersionDate "2018.11.04"]
[SourceQuality "1"]
[WhiteTeam "Ruzomberok Montana"]
[BlackTeam "Ondrasova Krivan"]
[WhiteTeamCountry "SVK"]
[BlackTeamCountry "SVK"]

1. e4 c5 2. Nf3 Nc6 3. d4 cxd4 4. Nxd4 g6 5. c4 Bg7 6. Be3 Nf6 7. Nc3 d6 8. Be2 0-0 9. 0-0 Ne8 10. Qd2 f5 11. f4 Nf6 12. Bf3 Ng4 13. Nxc6 bxc6 14. exf5 gxf5 15. Bxc6 Rb8 16. Bxa7 Rxb2 17. Qxb2 Qa5 18. Bb6 Bxc3 19. Qb3 Qa6 20. c5+ 1-0

[Event "SVK-chT2C 1819"]
[Site "Slovakia"]
[Date "2018.10.13"]
[Round "1.4"]
[White "Durica, Adam"]
[Black "Kopera, Michal"]
[Result "1/2-1/2"]
[WhiteElo "2037"]
[BlackElo "2163"]
[PlyCount "133"]
[EventDate "2018.10.13"]
[EventType "team-tourn"]
[EventRounds "11"]
[EventCountry "SVK"]
[SourceTitle "CBM 187 Extra"]
[Source "ChessBase"]
[SourceDate "2018.11.04"]
[SourceVersion "1"]
[SourceVersionDate "2018.11.04"]
[SourceQuality "1"]
[WhiteTeam "Ondrasova Krivan"]
[BlackTeam "Zilina Mladost II"]
[WhiteTeamCountry "SVK"]
[BlackTeamCountry "SVK"]

1. c4 Nf6 2. g3 e6 3. Bg2 d5 4. b3 Be7 5. Bb2 0-0 6. Nf3 c5 7. e3 Nc6 8. 0-0 b6 9. d3 Bb7 10. Qe2 Qc7 11. Nc3 Rad8 12. cxd5 exd5 13. d4 cxd4 14. Nb5 Ba6 15. Nfxd4 Nxd4 16. Bxd4 Qd7 17. a4 Ne4 18. Rfd1 Nd6 19. Qb2 Bxb5 20. axb5 Nf5 21. Bh3 g6 22. Bg7 Qe6 23. Rxa7 Rfe8 24. Bxf5 Qxf5 25. Rxe7 Rxe7 26. Bh8 d4 27. Rxd4 Rxd4 28. Qxd4 Qb1+ 29. Kg2 Qe4+ 30. Qxe4 Rxe4 31. Bd4 Re6 32. Kf3 f5 33. Kf4 Kf7 34. Kg5 h5 35. f3 Rd6 36. b4 Re6 37. h3 Rd6 38. Kh6 Re6 39. Kg5 Rd6 40. f4 Re6 41. g4 hxg4 42. hxg4 fxg4 43. Kxg4 Rd6 44. Kf3 Re6 45. Ke2 Ke7 46. Kd3 Kd7 47. Kc4 Re4 48. Kd5 Re6 49. Be5 Re7 50. e4 Re6 51. Bc7 Rf6 52. Ke5 Re6+ 53. Kd5 Rf6 54. Be5 Re6 55. f5 gxf5 56. exf5 Rh6 57. Bd4 Rh5 58. Ke5 Rh4 59. Kd5 Rh5 60. Ke4 Rh4+ 61. Ke5 Rg4 62. Kd5 Rg5 63. Bxb6 Rxf5+ 64. Kc4 Kc8 65. Bc5 Kb7 66. Bd4 Rh5 67. Bc5 1/2-1/2

[Event "Jastrzebie Zdroj op"]
[Site "Jastrzebie Zdroj"]
[Date "2018.08.21"]
[Round "5"]
[White "Poley, Vladimir"]
[Black "Durica, Adam"]
[Result "1-0"]
[WhiteElo "2257"]
[BlackElo "2040"]
[PlyCount "79"]
[EventDate "2018.08.18"]
[EventType "swiss"]
[EventRounds "9"]
[EventCountry "POL"]
[SourceTitle "CBM 186 Extra"]
[Source "ChessBase"]
[SourceDate "2018.08.24"]
[SourceVersion "1"]
[SourceVersionDate "2018.08.24"]
[SourceQuality "1"]

1. Nf3 g6 2. c4 Bg7 3. Nc3 c5 4. b3 Nc6 5. Bb2 e5 6. g3 d6 7. Bg2 Nge7 8. 0-0 0-0 9. Ne1 f5 10. f4 Be6 11. Nc2 e4 12. d3 d5 13. Na4 Bxb2 14. Nxb2 Nd4 15. dxe4 dxe4 16. e3 Nxc2 17. Qxc2 Nc6 18. Rfd1 Qf6 19. Na4 Nb4 20. Qc1 b6 21. Bf1 Rad8 22. Nc3 Rxd1 23. Nxd1 Rd8 24. a3 Nc2 25. Ra2 Ne1 26. Be2 b5 27. Rd2 bxc4 28. Qc3 Rf8 29. Qxf6 Rxf6 30. bxc4 Kg7 31. Kf2 Nf3 32. Bxf3 exf3 33. Nb2 Bg8 34. Rd7+ Kh6 35. Nd3 Ra6 36. Ne5 Rxa3 37. g4 g5 38. gxf5 gxf4 39. exf4 Ra6 40. Kxf3 1-0

[Event "Jastrzebie Zdroj op"]
[Site "Jastrzebie Zdroj"]
[Date "2018.08.18"]
[Round "2"]
[White "Durica, Adam"]
[Black "Kordela, Monika"]
[Result "1-0"]
[WhiteElo "2040"]
[BlackElo "1632"]
[PlyCount "91"]
[EventDate "2018.08.18"]
[EventType "swiss"]
[EventRounds "9"]
[EventCountry "POL"]
[SourceTitle "CBM 186 Extra"]
[Source "ChessBase"]
[SourceDate "2018.08.24"]
[SourceVersion "1"]
[SourceVersionDate "2018.08.24"]
[SourceQuality "1"]

1. c4 g6 2. g3 e5 3. Bg2 f5 4. Nc3 Nf6 5. e3 Bg7 6. d4 e4 7. Nge2 0-0 8. 0-0 Nc6 9. Nf4 g5 10. Nfd5 Ne7 11. Nxf6+ Rxf6 12. Re1 c6 13. Bf1 d5 14. cxd5 Nxd5 15. Bc4 Be6 16. Qb3 b5 17. Bxd5 Bxd5 18. Nxd5 Qxd5 19. Bd2 Kh8 20. Rec1 Qd7 21. Rc2 Rc8 22. Rac1 a6 23. a4 Rd6 24. Bb4 Rf6 25. axb5 axb5 26. Ba3 Rb8 27. d5 Rb6 28. Bc5 Ra6 29. Bd4 Rd6 30. Bxg7+ Kxg7 31. Qc3+ Kg8 32. dxc6 Raxc6 33. Qxc6 Rxc6 34. Rxc6 Qd2 35. R6c2 Qb4 36. Kg2 h5 37. Ra1 Kf7 38. Rc6 Qe7 39. Raa6 f4 40. gxf4 gxf4 41. exf4 Qd7 42. h3 e3 43. Rf6+ Kg7 44. Rg6+ Kh7 45. Rh6+ Kg8 46. Rag6+ 1-0

[Event "SVK-ch U16"]
[Site "Liptovsky Mikulas"]
[Date "2018.04.23"]
[Round "4"]
[White "Panko, Eduard1111"]
[Black "Durica, Adam"]
[Result "0-1"]
[WhiteElo "1949"]
[BlackElo "1890"]
[PlyCount "74"]
[EventDate "2018.04.21"]
[EventType "swiss"]
[EventRounds "9"]
[EventCountry "SVK"]
[SourceTitle "CBM 184 Extra"]
[Source "ChessBase"]
[SourceDate "2018.06.28"]
[SourceVersion "1"]
[SourceVersionDate "2018.06.28"]
[SourceQuality "1"]

1. e4 c5 2. a3 e6 3. b4 cxb4 4. axb4 Bxb4 5. Bb2 Nf6 6. e5 Nd5 7. c4 Ne7 8. Qg4 Ng6 9. h4 h5 10. Qg3 Nc6 11. Bd3 Nce7 12. Ne2 Qc7 13. Na3 Bxa3 14. Rxa3 b6 15. f4 Bb7 16. Nd4 a6 17. 0-0 Nf8 18. Kh2 g6 19. Rfa1 Rc8 20. Bc3 Nf5 21. Bxf5 gxf5 22. Qg7 Rh7 23. Qg8 Qxc4 24. Ra4 Qd5 25. Bb4 Rc5 26. Bxc5 bxc5 27. Nf3 Rh6 28. Qg3 Rg6 29. Qf2 Rg4 30. Kh3 Ng6 31. Qe3 c4 32. Rg1 Nxf4+ 33. Kh2 Ng6 34. Kh3 f4 35. Qe2 Qb5 36. Ra3 Bxf3 37. Qxf3 Rxh4# 0-1

[Event "Budapest Gyorgy Memorial 2nd"]
[Site "Budapest"]
[Date "2017.10.13"]
[Round "3.5"]
[White "Durica, Adam"]
[Black "Damian, Marchel"]
[Result "1-0"]
[WhiteElo "1801"]
[BlackElo "1757"]
[PlyCount "115"]
[EventDate "2017.10.12"]
[EventType "swiss"]
[EventRounds "7"]
[EventCountry "HUN"]
[SourceTitle "EXT 2019"]
[Source "ChessBase"]
[SourceDate "2018.10.10"]
[SourceVersion "1"]
[SourceVersionDate "2018.10.10"]
[SourceQuality "1"]

1. Nf3 c5 2. g3 d5 3. Bg2 Nc6 4. 0-0 e6 5. d4 h6 6. Nc3 Nf6 7. Bf4 c4 8. Ne5 Qb6 9. Nxc6 Qxc6 10. Re1 b5 11. a4 b4 12. Nb5 Kd7 13. Nc7 Ne8 14. Nxa8 g5 15. Nc7 gxf4 16. Nxe8 Kxe8 17. e4 fxg3 18. fxg3 dxe4 19. Bxe4 Qb6 20. a5 Qb5 21. Qf3 Bd7 22. c3 Rg8 23. Re2 Be7 24. Rf1 f5 25. Bxf5 exf5 26. Qa8+ Kf7 27. Rxe7+ Kxe7 28. Qxg8 Qxa5 29. Qxc4 bxc3 30. bxc3 Qb6 31. Qc5+ Qxc5 32. dxc5 Kd8 33. Rd1 Kc7 34. Rd6 h5 35. Rh6 a5 36. Rxh5 a4 37. Rh6 Bc6 38. Rd6 Bd7 39. Ra6 Bb5 40. Rb6 Bd3 41. h4 a3 42. Rb3 a2 43. Ra3 Bb1 44. h5 Kc6 45. h6 f4 46. gxf4 Kxc5 47. Kf2 Kd5 48. Ke3 Kc4 49. Rxa2 Kxc3 50. Ra7 Kc4 51. h7 Bxh7 52. Rxh7 Kd5 53. Re7 Kd6 54. Re4 Kd5 55. f5 Kd6 56. f6 Kd5 57. f7 Kc6 58. f8Q 1-0

[Event "SVK-ch U16"]
[Site "Liptovsky Mikulas"]
[Date "2017.04.25"]
[Round "5"]
[White "Mizicka, Matus"]
[Black "Durica, Adam"]
[Result "1-0"]
[WhiteElo "1722"]
[BlackElo "1861"]
[PlyCount "67"]
[EventDate "2017.04.22"]
[EventType "swiss"]
[EventRounds "9"]
[EventCountry "SVK"]
[SourceTitle "CBM 178 Extra"]
[Source "ChessBase"]
[SourceDate "2017.06.22"]
[SourceVersion "1"]
[SourceVersionDate "2017.06.22"]
[SourceQuality "1"]

1. e4 e5 2. Nc3 Nf6 3. Bc4 Nc6 4. d3 d6 5. Nf3 Bg4 6. Bg5 Bxf3 7. gxf3 Be7 8. Rg1 Na5 9. Qd2 c6 10. 0-0-0 b5 11. Bb3 Nxb3+ 12. axb3 h6 13. Be3 b4 14. Na4 c5 15. Rxg7 Bf8 16. Rg2 Qc7 17. f4 0-0-0 18. fxe5 dxe5 19. f3 Nh5 20. Qf2 Nf4 21. Bxf4 exf4 22. Qh4 Bd6 23. Qf6 Kb8 24. d4 cxd4 25. Rxd4 Be5 26. Rxb4+ Ka8 27. Qa6 Rd6 28. Qe2 Rhd8 29. Kb1 Qe7 30. Qc4 Qf6 31. Qb5 Rd1+ 32. Ka2 Rb8 33. Rg8 Rdd8 34. Rxd8 1-0

[Event "SVK-chT2C 1617"]
[Site "Slovakia"]
[Date "2016.11.05"]
[Round "3.7"]
[White "Frink, Ferenc"]
[Black "Durica, Adam"]
[Result "1-0"]
[WhiteElo "2090"]
[BlackElo "1875"]
[PlyCount "45"]
[EventDate "2016.10.08"]
[EventType "team-tourn"]
[EventRounds "11"]
[EventCountry "SVK"]
[SourceTitle "CBM 175 Extra"]
[Source "ChessBase"]
[SourceDate "2016.12.12"]
[SourceVersion "1"]
[SourceVersionDate "2016.12.12"]
[SourceQuality "1"]
[WhiteTeam "Filakovo"]
[BlackTeam "Liptov Chess School III"]
[WhiteTeamCountry "SVK"]
[BlackTeamCountry "SVK"]

1. e4 c5 2. b4 cxb4 3. a3 Qb6 4. d4 e6 5. axb4 Bxb4+ 6. c3 Bf8 7. Bd3 Nf6 8. Ne2 Be7 9. 0-0 0-0 10. h3 Nc6 11. Nd2 d5 12. e5 Nd7 13. Nf4 Re8 14. Qh5 g6 15. Nxg6 fxg6 16. Bxg6 hxg6 17. Qxg6+ Kf8 18. Nc4 Bc5 19. Bh6+ Ke7 20. Qg5+ Nf6 21. exf6+ Kd7 22. Nxb6+ Bxb6 23. f7 1-0

[Event "World ol U16"]
[Site "Poprad"]
[Date "2016.07.29"]
[Round "9.1"]
[White "Durica, Adam"]
[Black "Sankova, Stella"]
[Result "0-1"]
[WhiteElo "1944"]
[BlackElo "1911"]
[PlyCount "120"]
[EventDate "2016.07.22"]
[EventType "team-swiss"]
[EventRounds "9"]
[EventCountry "SVK"]
[SourceTitle "EXT 2017"]
[Source "ChessBase"]
[SourceDate "2016.10.25"]
[SourceVersion "1"]
[SourceVersionDate "2016.10.25"]
[SourceQuality "1"]
[WhiteTeam "Slovakia LSS"]
[BlackTeam "Slovakia RSA BB Detva"]
[WhiteTeamCountry "SVK"]
[BlackTeamCountry "SVK"]

1. Nf3 d5 2. g3 c6 3. Bg2 Bg4 4. d3 Nf6 5. Nbd2 Nbd7 6. 0-0 e6 7. b3 Be7 8. Bb2 0-0 9. Re1 a5 10. a3 Qc7 11. e4 Rfc8 12. h3 Bxf3 13. Nxf3 Nc5 14. e5 Nfd7 15. Nh2 Na6 16. Qg4 Qb6 17. Nf3 c5 18. Rab1 Qd8 19. h4 b5 20. c4 Nc7 21. Bc1 Rab8 22. Ng5 bxc4 23. dxc4 Nb6 24. Rd1 Qe8 25. cxd5 Nbxd5 26. Bxd5 exd5 27. Nf3 Bf8 28. Bd2 Qb5 29. h5 Ne6 30. h6 g6 31. Qh4 Rb7 32. Kg2 Rcb8 33. Bg5 d4 34. Bf6 Qc6 35. b4 axb4 36. axb4 Rxb4 37. Rbc1 Rb3 38. Qg4 Ra8 39. Rb1 Raa3 40. Rxb3 Rxb3 41. Rc1 Bxh6 42. Rh1 Bg7 43. Bxg7 Kxg7 44. Rh5 Qxf3+ 45. Qxf3 Rxf3 46. Rxh7+ Kxh7 47. Kxf3 c4 48. Ke4 c3 49. Kd3 Kh6 50. f3 Kg5 51. Ke2 Kf5 52. f4 Ke4 53. Kd1 d3 54. g4 Kxf4 55. g5 Kxe5 56. Kc1 Nxg5 57. Kd1 Ke4 58. Ke1 Ke3 59. Kd1 d2 60. Kc2 Ke2 0-1

[Event "World ol U16"]
[Site "Poprad"]
[Date "2016.07.27"]
[Round "7.1"]
[White "Durica, Adam"]
[Black "Van Zyl Rudd, Jack"]
[Result "0-1"]
[WhiteElo "1944"]
[BlackElo "1766"]
[PlyCount "84"]
[EventDate "2016.07.22"]
[EventType "team-swiss"]
[EventRounds "9"]
[EventCountry "SVK"]
[SourceTitle "EXT 2017"]
[Source "ChessBase"]
[SourceDate "2016.10.25"]
[SourceVersion "1"]
[SourceVersionDate "2016.10.25"]
[SourceQuality "1"]
[WhiteTeam "Slovakia LSS"]
[BlackTeam "South Africa II"]
[WhiteTeamCountry "SVK"]
[BlackTeamCountry "RSA"]

1. Nf3 c5 2. g3 Nc6 3. Bg2 g6 4. 0-0 Bg7 5. d3 d6 6. e4 e5 7. Nc3 Nge7 8. Be3 0-0 9. Qd2 Nd4 10. Bh6 Nxf3+ 11. Bxf3 Be6 12. Rae1 Nc6 13. Bg2 Nd4 14. Bxg7 Kxg7 15. f4 f6 16. Ne2 Nxe2+ 17. Qxe2 Qa5 18. f5 Bf7 19. a3 b5 20. Bf3 Qb6 21. Kg2 Rad8 22. h4 d5 23. Rh1 c4 24. fxg6 cxd3 25. cxd3 hxg6 26. h5 dxe4 27. Bxe4 f5 28. hxg6 Bxg6 29. Bf3 e4 30. dxe4 fxe4 31. Bh5 e3 32. Qg4 Rd2+ 33. Kh3 Rh8 34. Rxe3 Rxh5+ 35. Qxh5 Bxh5 36. Rhe1 Bf7 37. Re7 Qh6+ 38. Kg4 Rd4+ 39. Kf3 Qf6+ 40. Kg2 Rd2+ 41. Kh3 Qf5+ 42. Kh4 Rh2# 0-1

[Event "Liptovsky Mikulas CupT U20"]
[Site "Liptovsky Mikulas"]
[Date "2016.06.26"]
[Round "8.1"]
[White "Durica, Adam"]
[Black "Molenda, Marcin"]
[Result "0-1"]
[WhiteElo "1761"]
[BlackElo "2235"]
[PlyCount "92"]
[EventDate "2016.06.21"]
[EventType "team-swiss"]
[EventRounds "8"]
[EventCountry "SVK"]
[SourceTitle "CBM 173 Extra"]
[Source "ChessBase"]
[SourceDate "2016.08.29"]
[SourceVersion "1"]
[SourceVersionDate "2016.08.29"]
[SourceQuality "1"]
[WhiteTeam "Liptov Chess School (U20)"]
[BlackTeam "Jastrzebie Zdroj (U20)"]
[WhiteTeamCountry "SVK"]
[BlackTeamCountry "POL"]

1. Nf3 c5 2. g3 g6 3. Bg2 Bg7 4. 0-0 Nc6 5. d3 d6 6. c4 e5 7. Nc3 Nge7 8. e4 0-0 9. a3 f5 10. Bd2 f4 11. Qc1 Bh6 12. h4 Bg4 13. Nh2 Be6 14. Nf3 Qd7 15. Nd5 Bh3 16. Nxe7+ Nxe7 17. Kh2 Be6 18. b4 Nc6 19. b5 Ne7 20. a4 Rf7 21. Ng5 Bxg5 22. hxg5 f3 23. Bh1 Bh3 24. Re1 Qg4 25. Kg1 Qh5 26. Be3 Kg7 27. a5 Bg4 28. a6 b6 29. Bd2 Rh8 30. d4 cxd4 31. Qa3 Rd8 32. Qc1 Ng8 33. Rd1 h6 34. gxh6+ Nxh6 35. Bxh6+ Qxh6 36. Qxh6+ Kxh6 37. Kf1 Kg5 38. Ke1 Rc8 39. Rac1 Rh7 40. Kd2 Rh2 41. Kd3 Rxf2 42. Rf1 Ra2 43. Rfd1 Rh8 44. Rd2 Ra3+ 45. Kc2 Rc3+ 46. Kb2 Rxc1 0-1